Power & its disguises : (Record no. 315)
[ view plain ]
| 000 -LEADER | |
|---|---|
| fixed length control field | 00611pam a2200205 a 4500 |
| 001 - CONTROL NUMBER | |
| control field | 2052241 |
| 005 - DATE AND TIME OF LATEST TRANSACTION | |
| control field | 20240206055119.0 |
| 008 - FIXED-LENGTH DATA ELEMENTS--GENERAL INFORMATION | |
| fixed length control field | 930921s1994 enk b 001 0 eng |
| 020 ## - INTERNATIONAL STANDARD BOOK NUMBER | |
| ISBN | 0745307396 (pbk.) |
| 020 ## - INTERNATIONAL STANDARD BOOK NUMBER | |
| ISBN | 0745307388 (cloth) |
| 040 ## - CATALOGING SOURCE (பட்டியலாக்க மூலம்) | |
| Original cataloging agency | DLC |
| Transcribing agency | DLC |
| Modifying agency | DLC |
| 082 00 - DDC Classification | |
| Class No. | 306.2 |
| DDC Edition Number | 20 |
| Item Number - Author Mark | POW. |
| 100 1# - MAIN ENTRY--PERSONAL NAME | |
| Personal name | Gledhill, John. |
| 245 10 - TITLE STATEMENT | |
| Title | Power & its disguises : |
| Remainder of title | anthropological perspectives on politics / |
| Statement of responsibility, etc. | by John Gledhill. |
| 260 ## - PUBLICATION, DISTRIBUTION, ETC. | |
| Place of publication, distribution, etc. | London ; |
| -- | Boulder, Colo. : |
| Name of publisher, distributor, etc. | Pluto Press, |
| Date of publication, distribution, etc. | 1994. |
| 300 ## - PHYSICAL DESCRIPTION | |
| Extent (e.g. Volumes, Pages etc.) | vii, 248 p. ; |
| 650 #0 - SUBJECT ADDED ENTRY--TOPICAL TERM | |
| Topical term or geographic name entry element | Political anthropology. |
| 650 #0 - SUBJECT ADDED ENTRY--TOPICAL TERM | |
| Topical term or geographic name entry element | Power (Social sciences) |
| 942 ## - Koha item type (Biblio) | |
| Koha item type | Books in Stacks (Lending) |
| Lost status | Damaged status | Collection code | Home library | Current library | Date acquired | Full call number | Accession Number | Item type |
|---|---|---|---|---|---|---|---|---|
| Lending | WERC Library | WERC Library | 02/06/2024 | 306.2 POW. | 2545 | Books in Stacks (Lending) |
